The Central Motor Vehicles Rules, 1989 (Record no. 530951)

MARC details
000 -LEADER
fixed length control field 00396nam a2200157Ia 4500
008 - FIXED-LENGTH DATA ELEMENTS--GENERAL INFORMATION
fixed length control field 240822s9999 xx 000 0 und d
020 ## - INTERNATIONAL STANDARD BOOK NUMBER
ISBN 9789356035041
082 ## - DEWEY DECIMAL CLASSIFICATION NUMBER
Classification number 343.0947
Item number BAR
100 ## - MAIN ENTRY--AUTHOR NAME
Personal name Bare Act
245 #4 - TITLE STATEMENT
Title The Central Motor Vehicles Rules, 1989
Statement of responsibility, etc / Bare Act
260 ## - PUBLICATION, DISTRIBUTION, ETC. (IMPRINT)
Name of publisher Commercial Law Pub
Year of publication 2024
300 ## - PHYSICAL DESCRIPTION
Number of Pages 865
650 ## - SUBJECT ADDED ENTRY--TOPICAL TERM
Topical Term Law &Criminology
942 ## - ADDED ENTRY ELEMENTS (KOHA)
Koha item type English Books
Holdings
Withdrawn status Lost status Damaged status Not for loan Home library Current library Date acquired Cost, normal purchase price Full call number Accession Number Price effective from Koha item type
        Anna Centenary Library Anna Centenary Library 22.08.2024 1095.00 343.0947 BAR 665135 22.08.2024 Reference
        Anna Centenary Library Anna Centenary Library 22.08.2024 1095.00 343.0947 BAR 665136 22.08.2024 Reference

Find us on the map